000 00542nam a22001817a 4500
005 20251108172807.0
008 250721s2000 xx 000 0 ara d
082 1 4 _a005.43/نقر
100 1 _aالنقري، مهيب
245 1 0 _aدليلك الى windows 2000 professional الإصدار العربي /
264 1 _aدمشق :
_bدار الرضا للمعلومات،
_c2000.
300 _a291ص.
650 1 7 _aويندوز
650 1 7 _aنظم التشغيل
650 1 7 _aالحواسيب
942 _2ddc
_cBK
999 _c88647
_d88647